书目信息 |
| 题名: |
2016考研英语历年真题全解
|
|
| 作者: | 刘云龙 主编 ;学府考研英语命题研究组组 编 | |
| 分册: | ||
| 出版信息: | 北京 北京理工大学出版社 2015 |
|
| 页数: | 359页 | |
| 开本: | 26cm | |
| 丛书名: | ||
| 单 册: | ||
| 中图分类: | H310.421-44 , H310.42 | |
| 科图分类: | ||
| 主题词: | 英语--ying yu--研究生--入学考试--题解 | |
| 电子资源: | ||
| ISBN: | 978-7-5682-0670-9 | |
| 000 | 01137nam0 2200265 450 | |
| 001 | 1655891911 | |
| 005 | 20150724114733.7 | |
| 010 | @a978-7-5682-0670-9@dCNY43.90 | |
| 100 | @a20150723d2015 em y0chiy50 ea | |
| 101 | 0 | @achi@aeng |
| 102 | @aCN@b110000 | |
| 105 | @ay q 000yy | |
| 106 | @ar | |
| 200 | 1 | @a2016考研英语历年真题全解@A2016 kao yan ying yu li nian zhen ti quan jie@e基础版@e1996-2005@f学府考研英语命题研究组组编 |
| 210 | @a北京@c北京理工大学出版社@d2015 | |
| 215 | @a359页@d26cm | |
| 314 | @a书内题: 刘云龙主编 | |
| 330 | @a本书分为两部分。第一部分首先对考研英语的三大题型的考查方式, 命题形式, 解题思路等进行指导说明, 并附以具体例子, 强调解题技巧和方法的讲解 ; 第二部分为本书核心内容, 对1996--2005十年的考研英语真题进行了全面解析, 使考生对英语试题的变化形式、命题方式等有基本掌握, 进而有的放矢地进行备考。 | |
| 606 | 0 | @a英语@Aying yu@x研究生@x入学考试@j题解 |
| 690 | @aH310.421-44@v5 | |
| 690 | @aH310.42@v4 | |
| 701 | 0 | @a刘云龙@Aliu yun long@4主编 |
| 711 | 02 | @a学府考研英语命题研究组组@Axue fu kao yan ying yu ming ti yan jiu zu zu@4编 |
| 801 | 0 | @aCN@b人天书店@c20150723 |
| 905 | @aBZT@dH310.42@e135 | |
| 2016考研英语历年真题全解:基础版:1996-2005/学府考研英语命题研究组组编.-北京:北京理工大学出版社,2015 |
| 359页;26cm |
| ISBN 978-7-5682-0670-9:CNY43.90 |
| 本书分为两部分。第一部分首先对考研英语的三大题型的考查方式, 命题形式, 解题思路等进行指导说明, 并附以具体例子, 强调解题技巧和方法的讲解 ; 第二部分为本书核心内容, 对1996--2005十年的考研英语真题进行了全面解析, 使考生对英语试题的变化形式、命题方式等有基本掌握, 进而有的放矢地进行备考。 |
| ● |
| 相关链接 |
|
|
|
正题名:2016考研英语历年真题全解
索取号:H310.42/135
 
预约/预借
| 序号 | 登录号 | 条形码 | 馆藏地/架位号 | 状态 | 备注 |
| 1 | 815996 | 2000815996 | 第二书库/ [索取号:H310.42/135] | 在馆 | |
| 2 | 815997 | 2000815997 | 第二书库/ [索取号:H310.42/135] | 在馆 | |
| 3 | 815998 | 2000815998 | 第二书库/ [索取号:H310.42/135] | 在馆 |